01389cam a22003015a 45000010009000000050017000090080041000260200018000670400043000850820020001281000036001482450056001842600064002403000027003045000027003315000024003585040031003826500044004136500056004576500043005136510010005566530040005669420008006069990017006149520147006319520153007789520156009311798923220160726095433.0140107s2014 enk frbd f001 0 eng d a9781107664210 aDLCbengcDLCdDLCdEG-ScBUEdEG-ScBUE04a323.01bBOY2221 a Boylan, Michael,d1952-93986510aNatural human rights :ba theory /cMichael Boylan. aCambridge ;aNew York :bCambridge University Press,c2014. axiii, 305 p. ;c24 cm. aGlossary : p. 267-272. aIndex : p. 295-305. aBibliography : p. 273-294. 7aHuman rightsxPhilosophy.2BUEsh939866 7aHuman rightsvCross-cultural studies.2BUEsh939867 7aNatural lawxPhilosophy.2BUEsh939869 2BUEsh bBUSBOLcApril2016bLLAAWWcJuly2016 2ddc c21660d21632 00102ddc40708AlahramaMAINbMAINc1STd2016-04-19ePurchaseg260.00l1o323.01 BOYp000032385r2025-07-15 00:00:00s2017-04-19v325.00yBB 00102ddc40708BaccahaMAINbMAINc1STd2016-07-26ePurchaseg540.00h26080l1o323.01 BOYp000032984r2025-07-15 00:00:00s2017-04-19v675.00yBB 00102ddc40708BaccahaMAINbMAINc1STd2016-07-26ePurchaseg540.00h26080l2m1o323.01 BOYp000032985r2025-07-15 00:00:00s2017-10-14v675.00yBB